| 000 | 00700nam a2200241 u 4500 | ||
|---|---|---|---|
| 999 |
_c126591 _d126591 |
||
| 003 | UPN | ||
| 005 | 20250924063933.0 | ||
| 008 | 080225s2004 ck r 000 0 spa d | ||
| 020 | _a9974782899 | ||
| 035 | _aUPN01000154474 | ||
| 040 |
_aUPN _bspa _cUPN |
||
| 049 | _aI | ||
| 050 | 4 |
_aPZ78 _bE7.3 |
|
| 100 | 1 |
_aErbiti, Alejandra, _d1963- _933263 |
|
| 245 | 1 | 3 |
_aEl fantasma de la operada / _cAlejandra Erbiti ; il. Claudio Briasco. |
| 260 |
_aColombia : _bSudamer, _c2004. |
||
| 300 |
_a[12] p. : _bil. col. |
||
| 440 | 0 | _aFantástica y Misteriosa | |
| 650 | 4 |
_aFantasmas _vLiteratura infantil _911355 |
|
| 650 | 4 |
_aLibros y lectura para niños _92290 |
|
| 905 | _aInfantil | ||
| 942 |
_2lcc _cLIBRO |
||